| 000 | 00727nam a2200289Ia 4500 | ||
|---|---|---|---|
| 005 | 20260324114204.0 | ||
| 008 | 008 260324s9999 xx 000 0 eng d | ||
| 020 | _a9781003039679 | ||
| 037 | _aEBOOK | ||
| 040 | _aCRL | ||
| 040 | _beng | ||
| 040 | _cCRL | ||
| 041 | _2eng | ||
| 041 | _aeng | ||
| 084 | _qCRL | ||
| 100 |
_aÈve Chiapello; Anita Engels; Eduardo Gonçalves Gresse _91149784 |
||
| 245 | 0 | _aFinancializations of Development | |
| 245 | 0 | _bGlobal Games and Local Experiments | |
| 260 | _bTaylor and Francis | ||
| 260 | _c2023 | ||
| 365 | _a | ||
| 365 | _b220 | ||
| 856 | _uhttp://www.taylorfrancis.com/books/9781003039679 | ||
| 942 | _cEBOOK | ||
| 999 |
_c1739826 _d1739826 |
||